ბათუმის შოთა რუსთაველის სახელმწიფო უნივერსიტეტის ბიბლიოთეკა

პეტრას სტუმარი (ბიბ.ჩანაწერი № 42984)

000 -LEADER
fixed length control field 00696nam a2200217Ia 4500
001 - CONTROL NUMBER
control field 9701
003 - CONTROL NUMBER IDENTIFIER
control field GE_BSU
008 - FIXED-LENGTH DATA ELEMENTS--GENERAL INFORMATION
fixed length control field 181216s||||||||xx |||||||||||||| ||und||
040 ## - CATALOGING SOURCE
Transcribing agency GE_BSU
080 ## - UNIVERSAL DECIMAL CLASSIFICATION NUMBER
Universal Decimal Classification number 821.353.1-32
100 ## - MAIN ENTRY--PERSONAL NAME
Personal name ნაცვალაძე,დავით
245 ## - TITLE STATEMENT
Title პეტრას სტუმარი
245 ## - TITLE STATEMENT
Remainder of title მოთხრობები
245 ## - TITLE STATEMENT
Statement of responsibility, etc. რედ:შ.ზოიძე;მხატვ:.დ.ნემსაძე
260 ## - PUBLICATION, DISTRIBUTION, ETC.
Place of publication, distribution, etc. ბათუმი.
260 ## - PUBLICATION, DISTRIBUTION, ETC.
Name of publisher, distributor, etc. საბჭ.აჭარა.
260 ## - PUBLICATION, DISTRIBUTION, ETC.
Date of publication, distribution, etc. 1972.
300 ## - PHYSICAL DESCRIPTION
Extent 117გვ;20სმ.
653 ## - INDEX TERM--UNCONTROLLED
Uncontrolled term პეტრას სტუმარი:მოთხრობები
942 ## - ADDED ENTRY ELEMENTS (KOHA)
Koha item type წიგნი
ეგზემპლარები
Withdrawn status Lost status Damaged status Not for loan Date acquired Barcode Date last seen Price effective from Koha item type
        2018-12-17 32821-3ლ 2018-12-17 2018-12-17 წიგნი
        2018-12-17 32822 2018-12-17 2018-12-17 წიგნი
        2018-12-17 32823 2018-12-17 2018-12-17 წიგნი
        2018-12-17 32824 2018-12-17 2018-12-17 წიგნი